000
00304nam a22001217a 4500
008
230627b xxu||||| |||| 00| 0 eng d
082
_a
338.9
_b
JDS 2000
245
_a
The Journal of Development Studies
260
_a
UK
_b
Frank Cass Publishers
_c
2000
300
_a
181p
440
_n
5
_v
36
942
_2
ddc
_c
BK
999
_c
2869
_d
2869